[Event "3rd Dvoretsky Memorial 2021"]
[Site "Moscow"]
[Date "2021.02.11"]
[Round "7.3"]
[White "Kobalia, Mikhail"]
[Black "Inarkiev, Ernesto"]
[Result "1/2-1/2"]
[WhiteElo "2587"]
[BlackElo "2654"]
[Annotator "TA"]
[PlyCount "276"]
[EventDate "2021.02.10"]
[EventType "tourn"]
[EventCountry "RUS"]
[Tiebreak "Koya+Number of wins"]
[SourceTitle "playchess.com"]
[Source "ChessBase"]
[SourceQuality "1"]

{[%evp 16,276,15,0,16,13,13,18,17,24,14,13,26,20,20,15,35,20,26,22,53,25,25,22,
12,18,54,24,34,20,25,15,112,104,120,122,122,131,111,111,111,102,129,55,118,112,
158,156,158,147,161,104,104,95,104,92,87,92,83,83,93,78,75,33,127,133,152,0,0,
0,26,36,50,69,93,56,202,202,196,194,201,189,196,196,184,177,189,179,204,186,
185,128,138,95,89,60,47,47,85,14,120,26,227,244,241,190,185,125,595,242,569,
226,310,308,304,253,273,143,144,50,52,52,54,54,83,8,8,0,88,29,61,0,61,0,8,8,8,
8,8,8,8,8,8,8,8,8,8,8,8,8,8,0,8,8,8,8,8,8,8,8,8,8,8,8,8,8,8,8,8,8,8,8,8,8,8,8,
8,8,8,0,0,0,8,8,8,8,8,8,8,0,0,0,0,0,0,0,0,0,0,0,0,0,0,0,0,0,0,0,0,0,8,8,8,0,8,
0,8,0,8,0,0,0,0,0,0,0,8,8,8,8,8,0,0,0,0,0,0,0,0,0,0,0,0,0,0,0,0,0,8,0,0,0,0,0,
0,0,0,0,0,0,0,0,0]} 1. e4 e5 2. Nf3 Nc6 3. Bb5 a6 4. Ba4 Nf6 5. O-O Be7 6. d3
b5 7. Bb3 d6 8. a3 O-O 9. Nc3 Na5 $1 {[%mdl 4] now scores much better than the
old 9...Bg4. C77: Ruy Lopez: 3...a6 4 Ba4 Nf6, unusual lines.} 10. Ba2 Be6 11.
b4 Bxa2 12. Rxa2 Nc6 13. Bg5 Qd7 14. Bxf6 Bxf6 15. Nd5 a5 16. Nxf6+ gxf6 {[#]}
17. bxa5 $5 $146 {[%mdl 8] New and interesting.} ({Predecessor:} 17. Rb2 axb4
18. axb4 f5 19. Nh4 f4 20. Nf5 Kh8 21. d4 Rg8 22. Rb3 Rg5 23. dxe5 Nxe5 {
1-0 (40) Bacrot,E (2722)-Gretarsson,H (2565) chess.com INT 2018}) 17... Qg4 18.
Rb2 Rxa5 19. h3 Qh5 20. Qb1 f5 21. exf5 Qxf5 22. Rxb5 Rxa3 23. Rb7 $36 {
[%mdl 2048] Black is under pressure.} Qd7 (23... Rc8 $11 {keeps the balance.})
24. Qc1 $16 Ra7 25. Qg5+ Kh8 26. Rxa7 Nxa7 27. Qf6+ Kg8 28. Ra1 Nc8 29. Qg5+
Kh8 30. Qh6 {[%cal Rh6f8]} Kg8 {[#]} 31. Ra4 $3 {[%cal Ra4g4][%mdl 512]} f5 (
31... Qxa4 $2 {is the wrong capture.} 32. Ng5 $18) 32. Rh4 Rf7 33. Rh5 (33. Ng5
$18 Re7 34. Qf6) 33... Rg7 34. Nh4 Ne7 35. Rg5 Rxg5 36. Qxg5+ Kf7 37. Qh6 $1
Kg8 38. g3 f4 39. g4 Qe8 ({Black should play} 39... Nc6 $1 $14) 40. Qg5+ Kf8
41. c4 $2 (41. d4 $1 $16) 41... Qf7 $11 42. c5 Qg7 43. Qh5 dxc5 44. Nf3 Nc6 45.
Qf5+ {[%mdl 1024] White has strong compensation.} Ke7 (45... Qf7 $14) 46. Qc8
$1 $18 {[%cal Rc8c7]} Kd6 47. Nd2 $1 {[%cal Rd2e4] aiming for Ne4+.} Nd4 48.
Ne4+ Kc6 49. Qa6+ $1 Kd7 50. Nxc5+ Ke7 51. Qc8 Kd6 52. Ne4+ Kc6 53. Qa6+ (53.
Kg2 $18) 53... Kd7 $16 54. Nf6+ Kd8 55. Qa8+ (55. Kg2 {is more complex.} Qg6
56. Qa8+ Ke7 57. Nd5+ Kd7 58. Qf8) 55... Ke7 56. Nd5+ Ke6 57. Qb7 (57. Qd8 $16
c6 58. Nc3) 57... Kd6 {[#]} (57... Qd7 $11 {remains equal.} 58. Nxc7+ Kd6 59.
Qb6+ Qc6 60. Ne8+ Ke7 61. Qxc6 Nxc6) 58. Nc3 ({White should try} 58. Nb6 $1 $16
{[%mdl 512]}) 58... f3 $2 (58... h5 $1 $11) 59. Ne4+ $18 Kd7 60. Qd5+ Ke8 61.
Nc5 (61. Kh1 $18) 61... Qf6 $2 {[%mdl 8192]} (61... c6 $16 62. Qd6 Qe7 63. Qb8+
Kf7) 62. Qd7+ Kf8 {[#]} 63. Qc8+ $2 (63. Qxd4 $3 {[%mdl 512]} exd4 64. Nd7+ {
[%mdl 64] Double Attack} Kf7 65. Nxf6 Kxf6 66. Kh2) 63... Kg7 64. Qxc7+ Kh6 65.
Ne4 Ne2+ 66. Kh1 (66. Kf1 $18 Qf4 67. Qc6+ Kg7 68. Ke1) 66... Qf4 $16 67. g5+ (
67. Qd6+ $16 Kg7 68. Qc7+ Kf8 69. Qc5+ Kf7 70. Qc4+ Kg7 71. Qc7+ Kf8 72. Qc8+
Kg7 73. Qd7+ (73. Qc7+ Kf8 $16) 73... Kg8 74. Qd8+ Kg7 75. Qg5+ Qxg5 76. Nxg5)
67... Kg6 $14 68. Qd6+ Kf7 69. Qd7+ Kf8 {[#]} 70. Qd8+ (70. Qc7 $1 $16) 70...
Kf7 $11 71. Qd7+ (71. Qd5+ $11 Kf8 72. Qc5+ Kf7 73. Qc4+ Kg7 74. Qc7+ Kg6 75.
Qc6+ Kf7 76. Qc7+ Kg6) 71... Kf8 $16 {[#]} 72. Qc8+ (72. Qc7 $1 $16) 72... Kg7
73. Qc7+ (73. Qb7+ {keeps more tension.} Kg6 74. Qc6+ Kg7 75. Qh6+ Kh8 76. Qf6+
) 73... Kg6 $1 74. Qd6+ (74. Qc6+ $14 Kf7 75. Qc7+ Kg6) 74... Kf7 $1 $11 {
( -> ...Qc1+). The position is equal.} 75. Qf6+ (75. Qc6 {feels hotter.} Qc1+
76. Qxc1 Nxc1 77. Kh2 Nxd3 78. Kg3) 75... Qxf6 76. Nxf6 {[%mdl 4096] Endgame
KN-KN} Nf4 77. Kh2 Kg6 78. Kg3 Kxg5 79. Nxh7+ Kg6 80. Nf8+ Kf5 81. Kxf3 Nxh3
82. Nd7 Nf4 83. Nc5 Nd5 84. Ne4 Nb4 85. Ng3+ Ke6 86. Ke4 Nd5 87. Ne2 Nf6+ 88.
Ke3 Nd5+ 89. Kf3 Kf5 90. Ng3+ Ke6 91. Ne4 Kf5 92. Nd6+ Ke6 93. Nc4 Nf6 94. Ne3
Nd7 95. Ng4 Nc5 96. Ke3 Nd7 97. f3 Kf5 98. Ke2 Kf4 99. Ne3 Nc5 100. Nd5+ Kf5
101. Ke3 Nd7 102. Nc3 Nf6 103. Ke2 Nh5 104. Nd5 Ke6 105. Ne3 Nf4+ 106. Kd2 Kd6
107. Ng4 Kd5 108. Ne3+ Kd4 109. Nc2+ (109. Nd1 {is interesting.} Nxd3 110. Nc3
Nc5 111. Nb5+ Kc4 112. Nc7) 109... Kd5 110. Ke3 Ng2+ 111. Ke2 Nf4+ 112. Kd2 Kc5
113. Ke3 Kd5 114. Nb4+ Kc5 115. Na6+ Kd6 116. Nb4 Ne6 (116... Kc5 {looks
sharper.}) 117. Nc2 Kd5 118. Kd2 Kd6 119. Ne3 Kc5 120. Nf5 Kd5 (120... Nd4 $5 {
[%cal Rd4f5]} 121. Nxd4 Kxd4 $11) 121. Ke3 Nc5 122. Ne7+ Kd6 123. Ng6 {And now
Nxe5! would win.} Ne6 124. Nh8 Kd5 125. Nf7 Nd4 126. Nh6 Nc2+ 127. Kf2 Ke6 128.
Ng4 Kd6 129. Ke2 Ke6 130. Ne3 Nd4+ 131. Kf2 Kd6 132. Nd1 Ke6 133. Nc3 Nc2 134.
Nb5 Kf5 135. Ke2 Kf4 136. Nc7 Nd4+ 137. Kf2 Nxf3 138. Nd5+ Kg4 {Black escapes
into a draw.  Weighted Error Value: White=0.17/Black=0.29} 1/2-1/2

[Event "3rd Dvoretsky Memorial 2021"]
[Site "Moscow"]
[Date "2021.02.11"]
[Round "7.4"]
[White "Savchenko, Boris"]
[Black "Grachev, Boris"]
[Result "1/2-1/2"]
[WhiteElo "2552"]
[BlackElo "2619"]
[Annotator "TA"]
[PlyCount "91"]
[EventDate "2021.02.10"]
[EventType "tourn"]
[EventCountry "RUS"]
[Tiebreak "Koya+Number of wins"]
[SourceTitle "playchess.com"]
[Source "ChessBase"]
[SourceQuality "1"]

{[%evp 20,91,2,7,21,8,20,19,18,30,28,15,83,82,95,26,29,19,21,27,17,21,36,21,36,
36,48,43,45,43,48,22,38,39,92,87,93,91,74,71,87,96,77,34,117,87,79,0,0,0,0,0,0,
0,0,0,0,0,0,0,0,0,0,0,0,0,0,0,0,0,0,0,0,0]} 1. e4 e6 2. d4 d5 3. Nc3 Nf6 4. Bg5
dxe4 5. Nxe4 Nbd7 6. Nxf6+ Nxf6 7. Nf3 h6 8. Bh4 c5 9. Bb5+ Bd7 10. Bxd7+ Qxd7
11. Qe2 {11.Qe2 was played by the boomers.} cxd4 {C10: French with 3 Nc3:
Unusual Black 3rd moves and 3...dxe4.} 12. O-O-O Bc5 13. Qe5 Qe7 14. Nxd4 O-O
15. Rhe1 {[#] Threatens to win with Bxf6.} Bxd4 $146 (15... Rac8 $11) ({
Predecessor:} 15... Rfd8 16. f4 Rd5 17. Qxd5 exd5 18. Rxe7 Bxe7 19. Nf5 Bd8 20.
Bxf6 Bxf6 21. Rxd5 Re8 22. c3 h5 23. Nd6 Rd8 24. Rd2 {1-0 (24) Anand,V (2781)
-Gurevich,M (2644) Bastia 2004}) 16. Rxd4 $16 Rfd8 17. Bxf6 ({White should try
} 17. Red1 $16) 17... gxf6 $11 18. Qg3+ (18. Qe3 {feels hotter.} Rxd4 19. Qxd4
Rd8 20. Qg4+ Kh7 21. Qe4+) 18... Kh7 19. Qd3+ f5 20. g3 Rxd4 21. Qxd4 {[%mdl
4096] Endgame KQR-KQR} b6 22. Rd1 Rc8 23. Qd7 Rc7 24. Qxe7 Rxe7 $14 {KR-KR} 25.
c4 Rc7 26. b3 {[%cal Bb2b3,Bb3b4,Bb4b5][%mdl 32]} b5 ({Better is} 26... Kg6 $14
) 27. Kc2 $16 bxc4 {[#]} 28. b4 f4 29. Kc3 fxg3 30. hxg3 Kg6 31. b5 {[%mdl
1024] White has strong compensation.} Kf5 (31... e5 $14) 32. a4 e5 33. a5 (33.
Rh1 $16) 33... Kg4 $11 {The position is equal.} 34. Rb1 {Hoping for b6.} Kf3
35. Rb2 f5 36. b6 axb6 37. axb6 Rc8 38. b7 Rb8 39. Kxc4 {Threatening Kd5.} f4
40. gxf4 exf4 41. Kd5 h5 42. Ke5 h4 43. Rb3+ Kg2 44. Kxf4 h3 45. Rg3+ Kxf2 46.
Rf3+ {Weighted Error Value: White=0.10/Black=0.12} 1/2-1/2

[Event "3rd Dvoretsky Memorial 2021"]
[Site "Moscow"]
[Date "2021.02.11"]
[Round "7.5"]
[White "Vitiugov, Nikita"]
[Black "Makarian, Rudik"]
[Result "1-0"]
[WhiteElo "2715"]
[BlackElo "2461"]
[Annotator "TA"]
[PlyCount "55"]
[EventDate "2021.02.10"]
[EventType "tourn"]
[EventCountry "RUS"]
[Tiebreak "Koya+Number of wins"]
[SourceTitle "playchess.com"]
[Source "ChessBase"]
[SourceQuality "1"]

{[%evp 20,55,44,25,41,37,50,29,50,54,54,54,54,52,54,47,46,52,42,44,52,36,38,32,
43,37,83,83,116,114,108,100,114,106,164,35,489,489]} 1. d4 Nf6 2. c4 e6 3. Nf3
b6 4. g3 Bb7 5. Bg2 Be7 6. O-O O-O 7. Nc3 Ne4 8. Qc2 Nxc3 9. Qxc3 Be4 {9...d6
gains popularity.} 10. Rd1 Bf6 11. Bf4 d6 {E19: Queen's Indian: Old Main Line
with 7...Ne4 8 Qc2 Nxc3 8 Qxc3.} 12. Qe3 Bb7 13. Qd3 {Ng5 is the strong threat.
} Nd7 {[#]White has an edge.} 14. Ng5 $1 Bxg5 15. Bxb7 Rb8 16. Bxg5 $1 Qxg5 17.
Bc6 Rbd8 18. b4 Nb8 {[#]} 19. Bf3 $146 ({Predecessor:} 19. Bg2 c5 20. Qa3 cxb4
21. Qxa7 Qa5 22. Qxa5 bxa5 23. a3 b3 24. a4 Rc8 25. Rac1 {0-1 (36) Mihic,B 
(2377)-Savic,M (2539) Belgrade 2007}) 19... c5 20. Qa3 cxb4 21. Qxb4 Qe7 22. a4
Qc7 23. a5 Nc6 24. axb6 axb6 25. Qb5 Rc8 {[#]} 26. Ra6 $1 Na5 (26... Ne7 $16)
27. Rxb6 (27. c5 $1 $18 dxc5 28. Rxb6 (28. Qxb6 Qxb6 29. Rxb6 Nc4 $11)) 27...
Rb8 {[%mdl 8192]} 28. c5 {Weighted Error Value: White=0.14/Black=0.49} 1-0

[Event "3rd Dvoretsky Memorial 2021"]
[Site "Moscow"]
[Date "2021.02.11"]
[Round "8.1"]
[White "Zvjaginsev, Vadim"]
[Black "Makarian, Rudik"]
[Result "1-0"]
[WhiteElo "2614"]
[BlackElo "2461"]
[Annotator "TA"]
[PlyCount "63"]
[EventDate "2021.02.10"]
[EventType "tourn"]
[EventCountry "RUS"]
[Tiebreak "Koya+Number of wins"]
[SourceTitle "playchess.com"]
[Source "ChessBase"]
[SourceQuality "1"]

{[%evp 13,63,0,0,0,0,0,0,-12,-4,-10,80,80,80,78,89,68,68,75,69,70,57,62,72,76,
85,81,81,98,123,91,100,99,219,156,207,197,204,185,159,176,229,220,321,177,166,
174,191,156,191,188,212,215]} 1. e4 e5 2. Nf3 Nc6 3. g3 Nf6 4. d3 d5 5. exd5
Nxd5 6. Bg2 g6 7. O-O Bg7 8. Nc3 {C44: Ponziani Opening and Scotch Gambit.}
Nxc3 9. bxc3 O-O 10. Rb1 {The position is equal.} Rb8 {[#]} 11. Ng5 $146 {
And now Bxc6 would win.} ({Predecessor:} 11. Re1 Bg4 12. h3 Be6 13. a4 b6 14.
a5 Qd7 15. axb6 Rxb6 16. Rxb6 cxb6 17. Ng5 Bd5 18. Ne4 f5 19. c4 {1/2-1/2 (19)
Chatalbashev,B (2571)-Hammer,J (2622) Kragero 2018}) 11... h6 {[#]} (11... Na5
$11 {keeps the balance.}) 12. Nxf7 $1 $16 Rxf7 13. Bxc6 {[%mdl 64] Pin} Bh3 14.
Bg2 ({But not} 14. Bxb7 $2 Bxf1 15. Be3 Bh3 $19) 14... Bxg2 15. Kxg2 Qd5+ 16.
Kg1 Qxa2 17. Be3 a6 18. Ba7 Ra8 19. Rxb7 Qd5 20. Qb1 h5 21. Qb3 Qxb3 22. cxb3
Rd7 (22... c6 $16 23. Rxf7 Kxf7) 23. Be3 a5 (23... Rxd3 $16 24. Rxc7 e4) 24.
Ra1 $18 Rxd3 25. Rxc7 e4 26. Ra4 Bxc3 (26... Be5 $142 27. Rc5 Bxc3) 27. Rxe4
Bb2 (27... Bb4 $142 28. Re6 Rd6 29. Rxd6 Bxd6) 28. Rb7 (28. Re6 $142) 28... Rd6
{White is clearly better.} 29. Kg2 Bf6 30. Ra4 Rda6 31. Bb6 Bc3 32. Rc4 {
Black got outplayed after the opening.  Weighted Error Value: White=0.17/
Black=0.24} 1-0

[Event "3rd Dvoretsky Memorial 2021"]
[Site "Moscow"]
[Date "2021.02.11"]
[Round "8.2"]
[White "Grachev, Boris"]
[Black "Vitiugov, Nikita"]
[Result "1/2-1/2"]
[WhiteElo "2619"]
[BlackElo "2715"]
[Annotator "TA"]
[PlyCount "85"]
[EventDate "2021.02.10"]
[EventType "tourn"]
[EventCountry "RUS"]
[Tiebreak "Koya+Number of wins"]
[SourceTitle "playchess.com"]
[Source "ChessBase"]
[SourceQuality "1"]

{[%evp 15,85,0,18,17,23,13,29,18,34,0,43,39,44,42,39,30,36,11,33,27,27,46,34,
10,12,7,26,18,24,-9,-6,-7,46,0,0,0,0,0,0,0,0,0,542,1,16,16,17,6,42,54,89,66,69,
11,15,15,8,0,8,0,0,0,0,1,31,27,17,23,83,0,0,0]} 1. d4 Nf6 2. Nf3 g6 3. Nbd2 Bg7
4. e4 O-O 5. Bd3 d6 6. O-O Nc6 7. c3 e5 8. Re1 Nh5 {[%cal Re5d4]} 9. Nb3 {
B07: Pirc Defence: Miscellaneous Systems.} a5 10. Bg5 Bf6 11. Bh6 {White has
an edge.} Bg7 12. Bg5 f6 (12... Bf6 $5 {[%cal Rf6g5]} 13. Be3 exd4 14. Nbxd4 (
14. Nfxd4 a4 $11) 14... Ne5 $11) 13. Be3 a4 14. Nbd2 {[#]} Qe8 $146 ({
Predecessor:} 14... a3 15. b4 Kh8 16. b5 Ne7 17. b6 c6 18. Qb3 Nf4 19. Bf1 Be6
20. Qb4 d5 21. dxe5 fxe5 22. Bc5 Re8 {1/2-1/2 (47) Damaso,R (2440)-Strikovic,A
(2565) Vila Real de Santo Antonio 1998}) 15. Bb5 (15. Nh4 {looks sharper.} Ne7
16. g3 b5 17. Be2 Bd7 18. Bf3) 15... Bd7 $1 16. Bxa4 Nxd4 $1 17. Bxd7 Nxf3+ 18.
Nxf3 Qxd7 19. Qb3+ Kh8 $1 20. Qxb7 f5 21. exf5 gxf5 22. Rad1 e4 {[#] Threatens
to win with ...Rab8.} 23. Nd4 Rxa2 ({Black should play} 23... f4 $11 24. Bc1
Bxd4 25. Rxd4 Nf6) 24. Qd5 Rxb2 25. Ne6 Re8 26. Nxg7 Kxg7 27. c4 Kg6 28. c5 {
[%cal Rc5d6]} Re6 $2 {[%mdl 8192] [#]} (28... f4 $11 {and Black has nothing to
worry.} 29. Bd4 Rb5) 29. cxd6 $2 (29. g4 $1 $18 {[%cal Rg4f5]} Re7 30. cxd6
cxd6 31. gxh5+ Kxh5 32. Ra1) 29... Rxd6 30. Qg8+ Ng7 31. Rc1 Qe6 32. Qa8 Ra2
33. Qb8 Rc6 34. Qd8 (34. h4 $14 Rxc1 35. Rxc1) 34... Rac2 35. Rxc2 Rxc2 36. Rd1
{Black must now prevent h4.} (36. h4 {is interesting.} Qf6 37. Qd7 Qc6 38. Qc8
Qe8 39. Qb7) 36... Rc6 37. Qg5+ (37. Qh4 {is more complex.} h5 38. h3 Rd6 39.
Rc1 Rc6 40. Rb1) 37... Kf7 38. Qh4 h6 39. h3 Kg8 (39... Qe7 $5 {[%cal Re7h4]}
40. Qf4 Qe6 $11) 40. Qd8+ Kh7 41. Bf4 Qf6 (41... Qe8 $11 {remains equal.}) 42.
Qxf6 ({Of course not} 42. Bxc7 $6 Qxd8 43. Bxd8 Kg6 $11) (42. Qc8 $16) 42...
Rxf6 $11 43. Bxc7 {Weighted Error Value: White=0.32/Black=0.37} 1/2-1/2

[Event "3rd Dvoretsky Memorial 2021"]
[Site "Moscow"]
[Date "2021.02.11"]
[Round "8.3"]
[White "Inarkiev, Ernesto"]
[Black "Savchenko, Boris"]
[Result "1-0"]
[WhiteElo "2654"]
[BlackElo "2552"]
[Annotator "TA"]
[PlyCount "85"]
[EventDate "2021.02.10"]
[EventType "tourn"]
[EventCountry "RUS"]
[Tiebreak "Koya+Number of wins"]
[SourceTitle "playchess.com"]
[Source "ChessBase"]
[SourceQuality "1"]

{[%evp 9,85,0,24,24,3,0,16,0,25,0,16,8,15,2,6,-3,4,-22,1,0,17,0,0,0,16,3,14,5,
20,11,12,4,47,0,4,0,43,0,0,-27,-17,-13,-6,0,-6,-37,-29,-29,0,0,0,0,0,0,0,0,0,0,
0,0,0,0,0,-8,-9,-9,0,0,0,0,16,19,297,277,458,420,434,428]} 1. d4 Nf6 2. Nf3 g6
3. Bf4 Bg7 4. e3 c5 5. Be2 Qb6 6. Nc3 {A48: 1 d4 Nf6 2 Nf3 g6: Torre, London
and Colle Systems.} d6 7. O-O O-O 8. a3 {The position is equal.} Bf5 {[#]} 9.
dxc5 $146 ({Predecessor:} 9. Rb1 Na6 10. Re1 Rac8 11. h3 Nc7 12. Bd3 Be6 13.
Bh2 Rfd8 14. Bf1 a6 15. a4 {0-1 (38) Spornberger,A (2355)-Mirzoev,A (2535)
Innsbruck 2017}) 9... Qxc5 10. Nd4 Bd7 11. Nb3 Qc8 12. e4 Bc6 13. Bd3 b6 14.
Qd2 Nbd7 15. Nd4 Bb7 16. Bh6 Bxh6 17. Qxh6 Qc5 18. Nb3 Qc7 19. Rae1 a6 20. f4
Nc5 21. Nxc5 Qxc5+ 22. Kh1 Rac8 23. Qh4 (23. f5 {feels hotter.} Rce8 24. Rf4
Qe5 25. Ref1 Nd7 26. Nd5) 23... Qd4 24. Qf2 (24. e5 {is more complex.} dxe5 25.
Rxe5 Qd6 26. Rd1 Rfd8 27. Bf1) 24... Qxf2 25. Rxf2 b5 26. Kg1 Kg7 27. e5 dxe5
28. fxe5 Ne8 (28... Nd5 $5 {[%cal Rd5c3]} 29. Be4 Nxc3 30. Bxb7 Rc7 $11) 29.
Be4 Bxe4 30. Nxe4 Rc4 31. b3 Rd4 32. Ng5 {Strongly threatening Ref1.} Nc7 33.
Ref1 {[%cal Rf2f7]} f5 34. exf6+ $1 exf6 35. Re2 {[#] Re7+ is the strong
threat.} Rd7 (35... fxg5 $5 36. Re7+ $8 {[%mdl 64] Double Attack} Kg8 37. Rxf8+
Kxf8 38. Rxc7 Rd1+ 39. Kf2 h5 $11) 36. Ne4 (36. Ne6+ {looks sharper.} Nxe6 37.
Rxe6 Rc8 38. Rxa6 Rxc2 39. Raxf6 Ra2 40. a4) 36... Ne6 37. Rfe1 Nd4 38. Rd2
Rfd8 39. Kf2 Rd5 40. Red1 {[#] aiming for g4.} f5 {[%mdl 8192]} (40... Rf5+ $1
$11 41. Ke1 Rfd5) 41. Ng5 Kf6 $2 (41... Rc8 42. Rxd4 Rxc2+ 43. Kf1 Rxd4 44.
Rxd4 h6) 42. Nf3 Rc8 {and the idea ...Nxf3 leaves Black hopeful.} 43. Nxd4 {
Weighted Error Value: White=0.09/Black=0.25} 1-0

[Event "3rd Dvoretsky Memorial 2021"]
[Site "Moscow"]
[Date "2021.02.11"]
[Round "8.4"]
[White "Gunina, Valentina"]
[Black "Kobalia, Mikhail"]
[Result "0-1"]
[WhiteElo "2427"]
[BlackElo "2587"]
[Annotator "TA"]
[PlyCount "52"]
[EventDate "2021.02.10"]
[EventType "tourn"]
[EventCountry "RUS"]
[Tiebreak "Koya+Number of wins"]
[SourceTitle "playchess.com"]
[Source "ChessBase"]
[SourceQuality "1"]

{[%evp 20,52,29,-18,-27,-17,-27,-46,-33,-122,-123,-133,-135,-125,-10,-43,-36,
-91,-94,-261,-263,-610,-127,-83,0,0,0,-1155,-1138,-1060,-518,-457,-85,-29988,
-29989]} 1. d4 d5 2. c4 c6 3. Nf3 Nf6 4. Nc3 e6 5. e3 Nbd7 6. Qc2 Bd6 7. b3 O-O
8. Bb2 e5 9. cxd5 cxd5 10. dxe5 Nxe5 11. Be2 Nxf3+ {D45: Semi-Slav: 5 e3.} 12.
Bxf3 d4 $1 {[%cal Rd4c3]} 13. exd4 Re8+ {Black is slightly better.} 14. Ne2 (
14. Be2 $15) 14... Bg4 15. Bxg4 Nxg4 16. h3 {[#]} Bb4+ (16... Rc8 $1 $17 17.
Qf5 (17. Qd2 Qe7) 17... Nf6) 17. Kf1 {[#]} (17. Bc3 $5 {[%cal Rh3g4]} Nxf2 18.
Kxf2 Qf6+ 19. Kg1 Bxc3 {[%mdl 64] Overworked Piece} 20. Nxc3 Qxd4+ 21. Kh2 $11)
17... Rc8 $146 {[%mdl 1024] Black has compensation.} ({Predecessor:} 17... Nf6
18. a3 Rc8 19. Qd3 Ba5 20. Rd1 Nd5 21. b4 Bb6 22. g3 Qf6 23. Kg1 Qe6 {0-1 (43)
Johannesson,I (2269)-Fressinet,L (2625) Reykjavik 2006}) 18. Qf5 (18. Qd3 $15
Ne5 19. Qd1) 18... Nf6 19. Rd1 $2 (19. g3 $17) 19... Ne4 $19 {Hoping for ...
Rc2.} (19... Qe7 20. Qd3 $17) 20. f3 $2 {[#]} (20. Rc1 Nd2+ 21. Kg1) 20... Nd2+
$2 $40 {[%mdl 128] Black wants a kill.} (20... Rc5 $3 $19 {[%mdl 512] and
Black stays clearly on top.} 21. d5 (21. Qf4 g5) 21... Nd2+ 22. Rxd2 Bxd2) 21.
Kf2 $17 {With the idea Qd3.} Qe7 ({Black should try} 21... Rc6 $1 $17 22. Qd3
Nxf3) 22. Qd3 $1 $11 {Bc3 is the strong threat.} Rc2 {[%cal Rc2b2]} 23. Ba1 {
[%mdl 8192]} (23. Qxc2 {leads to mate.} Qe3+ 24. Kg3 Qg5+ 25. Kh2 Nxf3+ $1 {
[%mdl 512]} 26. gxf3 Bd6+ 27. f4 Rxe2+ $1 {[%mdl 576] Remove Defender} 28. Qxe2
Bxf4#) (23. Bc1 $11 Qh4+ 24. g3 Rxe2+ 25. Kxe2 Qxg3 26. Bxd2 Qg2+ 27. Ke3 Rxd2
28. Rxd2 Bxd2+ 29. Qxd2 Qxh1 30. Qb4) 23... Rxa2 $19 24. Rhe1 {[#]} Qh4+ (24...
Nxb3 $142 $1 {[%mdl 512]} 25. Qe4 (25. Qxb3 Bxe1+) 25... Bxe1+ 26. Rxe1 Qd8 27.
Qxb7 Nxa1) 25. g3 Qh5 (25... Qxh3 $19 {[%cal Rh3h2] is more deadly.} 26. Rh1 {
[#]} Rxe2+ $1 {[%mdl 512]} 27. Qxe2 Ne4+ $1 {[%mdl 512]} 28. fxe4 Rxe2+ 29.
Kxe2 Qxg3) 26. Kg2 {[%mdl 8192] [#]} (26. Bc3 $17 Bxc3 27. Qxc3) 26... Nxf3 $1
{[%mdl 576] Discovered Attack.  Weighted Error Value: White=0.74/Black=1.01}
0-1

[Event "3rd Dvoretsky Memorial 2021"]
[Site "Moscow"]
[Date "2021.02.11"]
[Round "8.5"]
[White "Esipenko, Andrey"]
[Black "Murzin, Volodar"]
[Result "1/2-1/2"]
[WhiteElo "2677"]
[BlackElo "2478"]
[Annotator "TA"]
[PlyCount "98"]
[EventDate "2021.02.10"]
[EventType "tourn"]
[EventCountry "RUS"]
[Tiebreak "Koya+Number of wins"]
[SourceTitle "playchess.com"]
[Source "ChessBase"]
[SourceQuality "1"]

{[%evp 9,98,0,26,17,22,23,16,17,16,27,29,6,0,0,0,0,0,0,0,0,0,0,0,0,0,0,0,-6,0,
0,0,-18,-36,-20,-14,-29,-30,-50,0,0,0,0,0,0,0,0,0,0,0,0,0,0,0,0,0,0,4,3,4,0,0,
-45,-33,-43,-26,-20,-55,-72,-76,-220,-42,-78,-83,-89,-18,-18,-18,-18,-18,-79,
-18,-18,-18,-18,-18,-18,-18,-18,-18,-18,-18]} 1. d4 Nf6 2. Nc3 {[%cal Bb1c3,
Bc3a4,Ba4c5][%mdl 32]} d5 3. Bf4 c5 4. e3 a6 5. dxc5 Nc6 6. Nf3 {D00: 1 d4 d5:
Unusual lines.} e6 7. Na4 Bxc5 {[%mdl 64] [#] Decoy} 8. Nxc5 Qa5+ 9. c3 {
Nb3 is the strong threat.} Qxc5 10. h3 O-O 11. Be2 Re8 12. O-O e5 13. Bh2 Bf5 {
[#]} 14. Rc1 $146 ({Predecessor:} 14. Qb3 Qe7 15. a4 Rad8 16. Rfe1 h6 17. Rad1
Rd7 18. Bf1 Red8 19. g4 Be4 20. Nd2 {1-0 (47) Gabr,M (2287)-Salykin,A (1862)
Pardubice 2018}) 14... Rad8 15. b4 Qe7 16. b5 axb5 17. Bxb5 Be4 18. a4 Nd7 19.
Nd2 Bg6 20. Nb3 Nb6 21. Ra1 Nc4 22. Qe2 Nd6 23. Rfd1 Nxb5 24. axb5 Nb8 25. c4
Qb4 26. Na5 dxc4 {White must now prevent ...Bd3.} 27. Rxd8 Rxd8 28. Qxc4 Qxc4
29. Nxc4 f6 30. f4 Bd3 31. Rd1 e4 32. f5 Nd7 33. Nd6 b6 34. Ra1 Ne5 35. Bxe5 (
35. Nb7 {looks sharper.} Rb8 36. Ra7 Bxb5 37. Nd6 Bd3 38. Nf7) 35... fxe5 $11 {
[%mdl 4096] Endgame KRB-KRN} 36. Nb7 Rd7 37. Ra8+ Kf7 38. Nd8+ Kf6 39. g4 {[#]}
(39. Rb8 $17) 39... Bxb5 $2 (39... Kg5 $1 $19 40. Kf2 Kh4) 40. Rb8 Kg5 41. Rxb6
Rxd8 (41... Bc4 $17 42. Rb4 Bd5 43. Ne6+ Kh4) 42. Rxb5 $17 {KR-KR} Kh4 43. Kf2
Kxh3 44. Rb7 (44. g5 $11 {remains equal.}) 44... Kxg4 ({Black should try} 44...
g5 $17 {Strongly threatening ...Rf8.} 45. fxg6 hxg6) 45. Rxg7+ $11 {The
position is equal.} Kxf5 {aiming for ...h5.} 46. Rxh7 Rd2+ 47. Ke1 Ra2 48. Rf7+
Kg4 49. Rf8 Rb2 {Weighted Error Value: White=0.11/Black=0.15} 1/2-1/2

[Event "3rd Dvoretsky Memorial 2021"]
[Site "Moscow"]
[Date "2021.02.11"]
[Round "9.1"]
[White "Murzin, Volodar"]
[Black "Zvjaginsev, Vadim"]
[Result "1/2-1/2"]
[WhiteElo "2478"]
[BlackElo "2614"]
[Annotator "TA"]
[PlyCount "46"]
[EventDate "2021.02.10"]
[EventType "tourn"]
[EventCountry "RUS"]
[Tiebreak "Koya+Number of wins"]
[SourceTitle "playchess.com"]
[Source "ChessBase"]
[SourceQuality "1"]

{[%evp 20,46,26,24,27,23,22,22,32,31,31,28,34,33,31,29,37,20,24,27,30,28,29,21,
25,16,17,19,25]} 1. e4 e5 2. Nf3 Nc6 3. Bb5 Nf6 4. O-O Nxe4 5. Re1 Nd6 6. Nxe5
Be7 7. Bf1 Nxe5 8. Rxe5 O-O 9. d4 Bf6 10. Re1 Nf5 11. c3 d5 {C67: Ruy Lopez:
Berlin Defence: 4 0-0 Nxe4.} 12. Nd2 c6 13. Nf3 Nh4 14. Nxh4 Bxh4 15. Bd3 g6
16. Bf4 {[#]} Be6 $146 ({Predecessor:} 16... Bg5 17. Be5 Re8 18. Qc2 Bh6 19.
Bg3 Be6 20. h4 Qd7 21. Be5 Qe7 22. h5 f6 {1-0 (72) Wang,J (2391)-Kung,T (2132)
Irving 2018}) 17. Qd2 Re8 18. Re3 Bd7 19. Rae1 Rxe3 20. Rxe3 Bf6 21. h3 Qf8 22.
Qe1 Re8 23. Rxe8 Qxe8 {Weighted Error Value: White=0.03/Black=0.02} 1/2-1/2